Tratamientos psicosociales y farmacológicos versus tratamientos farmacológicos para la desintoxicación de opiáceos / (Record no. 8691)

MARC details
000 -LEADER
fixed length control field 00918mam a2200241 a 4500
001 - CONTROL NUMBER
control field 978-8-49-835557-4
005 - DATE AND TIME OF LATEST TRANSACTION
control field 20230512191052.0
008 - FIXED-LENGTH DATA ELEMENTS--GENERAL INFORMATION
fixed length control field 141020s2010||||es a s |||| 0|spa d
010 ## - LIBRARY OF CONGRESS CONTROL NUMBER
LC control number
022 ## - INTERNATIONAL STANDARD SERIAL NUMBER
Incorrect ISSN
100 1# - MAIN ENTRY--PERSONAL NAME
Personal name Amato, Lucila
9 (RLIN) 14191
245 10 - TITLE STATEMENT
Title Tratamientos psicosociales y farmacológicos versus tratamientos farmacológicos para la desintoxicación de opiáceos /
Statement of responsibility, etc Lucila Amato y otras
260 ## - PUBLICATION, DISTRIBUTION, ETC. (IMPRINT)
Place of publication, distribution, etc Reino Unido :
Name of publisher, distributor, etc Cochrane Database of Systematic,
Date of publication, distribution, etc 2011
300 ## - PHYSICAL DESCRIPTION
Extent s.p.
Other physical details en línea
650 17 - SUBJECT ADDED ENTRY--TOPICAL TERM
Topical term or geographic name as entry element PSICOFARMACOLOGIA
9 (RLIN) 2399
Source of heading or term decs
650 17 - SUBJECT ADDED ENTRY--TOPICAL TERM
Topical term or geographic name as entry element TRATAMIENTO FARMACOLOGICO
9 (RLIN) 6343
Source of heading or term decs
650 14 - SUBJECT ADDED ENTRY--TOPICAL TERM
Topical term or geographic name as entry element OPIACEOS
9 (RLIN) 17019
700 1# - ADDED ENTRY--PERSONAL NAME
Personal name Minozzi, S.
9 (RLIN) 17016
700 1# - ADDED ENTRY--PERSONAL NAME
Personal name Davoli, M.
9 (RLIN) 17017
700 1# - ADDED ENTRY--PERSONAL NAME
Personal name Vecchi, S.
9 (RLIN) 17018
856 ## - ELECTRONIC LOCATION AND ACCESS
Uniform Resource Identifier <a href="https://www.cochrane.org/es/CD005031/ADDICTN_tratamientos-psicosociales-y-farmacologicos-versus-tratamientos-farmacologicos-para-la">https://www.cochrane.org/es/CD005031/ADDICTN_tratamientos-psicosociales-y-farmacologicos-versus-tratamientos-farmacologicos-para-la</a>
942 ## - ADDED ENTRY ELEMENTS (KOHA)
Source of classification or shelving scheme Dewey Decimal Classification
Item type Libro electrónico
980 ## - EQUIVALENCE OR CROSS-REFERENCE-SERIES STATEMENT--PERSONAL NAME/TITLE [LOCAL, CANADA]
Linkage 19226
Personal name Palazón Marcela I.
Field link and sequence number 19226
Miscellaneous information Palazón Marcela I.
Holdings
Withdrawn status Lost status Source of classification or shelving scheme Damaged status Not for loan Collection code Home library Current library Date acquired Total Checkouts Date last seen Uniform Resource Identifier Price effective from Koha item type
    Dewey Decimal Classification   Acceso en línea Recursos en Línea Biblioteca Central Biblioteca Central 12/05/2023   12/05/2023 https://www.cochrane.org/es/CD005031/ADDICTN_tratamientos-psicosociales-y-farmacologicos-versus-tratamientos-farmacologicos-para-la 12/05/2023 Libro electrónico

Lunes a Viernes 8:30 a 19:00 hs. Cerrado por mudanza
Av.Calchaqui 6200 Florencio Varela (CP188) 2°piso Edificio Mosconi Aula 209-210
Mail: bibliotecacentralunaj@gmail.com  
Whatsapp(54 9)1122668024    ❔Pregunte a la bibliotecaria
© Universidad Nacional Arturo Jauretche | Secretaría Académica | Biblioteca Central UNAJ